ا حسا سا ت(حصہ د و م ) (Record no. 174304)

MARC details
000 -LEADER
fixed length control field 00691nam a22001937a 4500
005 - DATE AND TIME OF LATEST TRANSACTION
control field 20200603123317.0
010 ## - LCCN (DPL NO)
LC control number UR-10774
020 ## - INTERNATIONAL STANDARD BOOK NUMBER
Terms of availability 200.00
International Standard Book Number 9789389002843
035 ## - SYSTEM CONTROL NUMBER
System control number U-9329
037 ## - SOURCE OF ACQUISITION
Source of stock number/acquisition DBAD/PUB
Stock number -
082 ## - DEWEY DECIMAL CLASSIFICATION NUMBER
Classification number 840.8
100 ## - MAIN ENTRY--PERSONAL NAME
Personal name محمد مصطفی علی سر و ر ی
245 ## - TITLE STATEMENT
Title ا حسا سا ت(حصہ د و م )
Statement of responsibility, etc محمد مصطفی علی سر و ر ی
246 ## - VARYING FORM OF TITLE
Remainder of title Ahsasaat(Part-2) (Urdu)
Title proper/short title by Mohd. Mustafa Ali Sarwari
260 ## - PUBLICATION, DISTRIBUTION, ETC. (IMPRINT)
Place of publication, distribution, etc Delhi
Name of publisher, distributor, etc Educational Publishing House
Date of publication, distribution, etc 2019 ء
270 ## - ADDRESS
Address 3191,Vakil Street,Kucha Pandit Lal Kuan,
City Delhi
Postal code 110006
Telephone number 23216162
Fax number -
300 ## - PHYSICAL DESCRIPTION
Extent 174 ص
Dimensions 22 Cm(Hb)
942 ## - ADDED ENTRY ELEMENTS (KOHA)
Source of classification or shelving scheme Dewey Decimal Classification
Item type Urdu Bks
Classification part 840.8
Call number suffix م ح م
Holdings
Withdrawn status Lost status Not for loan Collection code Home library Current library Date acquired Source of acquisition Cost, normal purchase price Full call number Barcode Copy number Cost, replacement price Koha item type
      Non-fiction Central Library Central Library 03/06/2020 DBAD/PUB 200.00 840.8 م ح م U-9329 1 200.00 Urdu Bks

© Delhi Public Library
Hit Counter
free hit counter